LIBRARY ONLINE CATALOGUE

Harrison's rheumatology / (Record no. 9528)

MARC details
000 -LEADER
fixed length control field 00860cam a22002652 4500
001 - CONTROL NUMBER
control field 0000020840
005 - DATE AND TIME OF LATEST TRANSACTION
control field 20151217152223.0
008 - FIXED-LENGTH DATA ELEMENTS--GENERAL INFORMATION
fixed length control field 111021s xx 000 0 eng d
020 ## - INTERNATIONAL STANDARD BOOK NUMBER
International Standard Book Number 0071457437 :
040 ## - CATALOGING SOURCE
Original cataloging agency KABU
Transcribing agency KABU
245 10 - TITLE STATEMENT
Title Harrison's rheumatology /
Statement of responsibility, etc. editor, Anthony S. Fauci.
250 ## - EDITION STATEMENT
Edition statement 1st ed.
260 ## - PUBLICATION, DISTRIBUTION, ETC. (IMPRINT)
Place of publication, distribution, etc. New York :
Name of publisher, distributor, etc. McGraw-Hill,
Date of publication, distribution, etc. 2006.
300 ## - PHYSICAL DESCRIPTION
Extent x, 359 p.
650 #0 - SUBJECT ADDED ENTRY--TOPICAL TERM
Topical term or geographic name as entry element Rheumatology.
-- 0000181459
650 #0 - SUBJECT ADDED ENTRY--TOPICAL TERM
Topical term or geographic name as entry element Rheumatism.
-- 0000181460
650 #0 - SUBJECT ADDED ENTRY--TOPICAL TERM
Topical term or geographic name as entry element Arthritis.
-- 0000181461
700 1# - ADDED ENTRY--PERSONAL NAME
Personal name Fauci, Anthony S.
-- 0000180450
852 1# - LOCATION
-- p3,500 KES
852 1# - LOCATION
-- p3,500 KES
852 1# - LOCATION
-- p3,500 KES
908 ## - PUT COMMAND PARAMETER (RLIN)
Put command parameter 111021
950 ## - LOCAL HOLDINGS (RLIN)
-- 1
Holdings
Withdrawn status Lost status Source of classification or shelving scheme Not for loan Home library Current library Date acquired Total Checkouts Full call number Barcode Date last seen Price effective from Koha item type Date last checked out
    Library of Congress Classification   Kabarak, Main Campus Kabarak, Main Campus 17/12/2015   RC927 .H37 2006 c.1 19578 17/12/2015 17/12/2015 General Collection  
    Library of Congress Classification   Kabarak, Main Campus Kabarak, Main Campus 17/12/2015   RC927 .H37 2006 c.2 013648 17/12/2015 17/12/2015 General Collection  
    Library of Congress Classification   Kabarak, Main Campus Kabarak, Main Campus 17/12/2015 1 RC927 .H37 2006 c.3 013649 04/04/2019 17/12/2015 General Collection 19/03/2019
    Library of Congress Classification   Kabarak, Main Campus Kabarak, Main Campus 17/12/2015 1 RC927 .H37 2006 c.4 013645 12/02/2019 17/12/2015 General Collection 29/01/2019